000 00737nam a2200181 i 4500
001 152706
003 ES-MaACL
005 20241027170435.0
008 931025s1838 sp |||| | spa d
100 1 _aBretón de los Herreros, Manuel,
_d1796-1873
_931637
245 1 3 _aEl amigo mártir
_b: comedia en cuatro actos /
_cpor Manuel Breton de los Herreros.
260 _aMadrid :
_b[s.n.],
_c1838 (
_fImprenta de los hijos de Catalina Piñuela)
300 _a95 p. ;
_c19 cm.
594 _aConsta que fue estrenado en el Teatro del Príncipe de Madrid, el día 10 de Octubre de 1836.
852 _aES-MaACL
_jT-1407-F-1
_z-- Enc. hol., falto de la cub. original
_q-- Falto de port.
942 _2udc
999 _c152706
_d152706